000 00566nam a2200229Ia 4500
003 OSt
005 20221005131928.0
006 a|||||r|||| 00| 0
007 ta
008 221004b |||||||| |||| 00| 0 tam d
024 _a48569
037 _cTextual
040 _aCRL
_cCRL
_btam
041 _2tam
_atam
082 _aO31,1M82x, N2
100 _aBarathidasoni Au.
_9640322
245 0 _aTamiliyakkam
260 _c1992
650 _aTAMIL POETRY
942 _hO31,1M82x, N2
_cTEXL
_2cc
999 _c1061862
_d1061862